Statystyki dla Najważniejsze informacje o krajach Europejskich

Kliknij tutaj aby rozwiązać quiz!

Ogólne statystyki

  • Ten quiz został rozwiązany 37 razy
  • Średni wynik to 95 z 132

Statystyki odpowiedzi

KrajStolica% Poprawnych
BelgiaBruksela
97%
DaniaKopenhaga
97%
CzechyPraga
97%
AndoraAndora
94%
BiałoruśMińsk
94%
Bośnia i HercegowinaSarajewo
94%
BułgariaSofia
94%
AlbaniaTirana
94%
AustriaWiedeń
94%
ChorwacjaZagrzeb
94%
HolandiaAmsterdam
90%
GrecjaAteny
90%
NiemcyBerlin
90%
SłowacjaBratysława
90%
IrlandiaDublin
90%
UkrainaKijów
90%
Wielka BrytaniaLondyn
90%
LuksemburgLuksemburg
90%
HiszpaniaMadryt
90%
MonakoMonako
90%
RosjaMoskwa
90%
NorwegiaOslo
90%
FrancjaParyż
90%
ŁotwaRyga
90%
WłochyRzym
90%
San marinoSan marino
90%
SzwecjaSztokholm
90%
PolskaWarszawa
90%
WatykanWatykan
90%
SzwajcariaBerno
87%
WęgryBudapeszt
87%
RumuniaBukareszt
87%
FinlandiaHelsinki
87%
PortugaliaLizbona
87%
IslandiaReykjavik
87%
EstoniaTallin
87%
MaltaValletta
87%
LitwaWilno
87%
MołdawiaKiszyniów
84%
SłoweniaLublana
84%
CzarnogóraPodgorica
84%
LiechtensteinVaduz
84%
SerbiaBelgrad
81%
Albański
74%
Macedonia PółnocnaSkopje
74%
Albański / Macedoński
71%
Angielski
71%
Angielski / Irlandzki
71%
Białoruski
71%
Bośniacki
71%
Bułgarski
71%
Chorwacki
71%
Czarnogórski
71%
Czeski
71%
Duński
71%
Estoński
71%
Euro
71%
Euro
71%
Euro
71%
Euro
71%
Euro
71%
Euro
71%
Euro
71%
Euro
71%
Euro
71%
Euro
71%
Euro
71%
Euro
71%
Euro
71%
Francuski
71%
Francuski / Niemiecki / Luksemburski
71%
Grecki
71%
Hiszpański
71%
Islandzki
71%
Litewski
71%
Łotewski
71%
Niderlandzki
71%
Niemiecki
71%
Niemiecki
71%
Szwedzki
71%
Ukraiński
71%
Węgierski
71%
Włoski
71%
Włoski
71%
Złoty
71%
Angielski / Maltański
68%
Euro
68%
Euro
68%
Euro
68%
Euro
68%
Euro
68%
Euro
68%
Euro
68%
Fiński
68%
Francuski
68%
Francuski / Niemiecki / Romansz / Włoski
68%
Niemiecki
68%
Norweski
68%
Polski
68%
Portugalski
68%
Rosyjski
68%
Rumuński
68%
Serbski
68%
Słowacki
68%
Słoweński
68%
Włoski
68%
Euro
65%
Euro
65%
Francuski / Niderlandzki / Niemiecki
65%
Funt
65%
Korona
65%
Korona
61%
Korona
61%
Euro
58%
Rubel
58%
Frank
55%
Rubel
55%
Korona
52%
Hrywna
48%
Rumuński
48%
Frank
45%
Kataloński
45%
Korona
45%
Kuna
42%
Forint
35%
Lej
35%
Lew
35%
Dinar
32%
Lej
32%
Denar
29%
Lek
29%
Marka zamienna
16%

Rozkład punktacji

Percentyl według liczby udzielonych odpowiedzi

Procent ludzi z każdym wynikiem

Twoja historia wyników

Nie rozwiązałeś tego quizu